Agents of Shield Characters by Episode Count - Statistics

General Stats
  • This quiz has been taken 31 times
    18 since last reset
  • The average score is 22 of 41
Answer Stats
Hint Answer % Correct
134 Daisy Johnson
100%
135 Jemma Simmons
92%
133 Melinda May
92%
114 Phil Coulson
92%
30 Bobbi Morse
83%
46 Grant Ward
83%
128 Lance Hunter
83%
104 Leo Fitz
83%
109 Alphonso Mackenzie
75%
61 Elena Rodriguez
75%
20 Aida
67%
40 Deke Shaw
67%
24 Glenn Talbot
67%
9 Jiaying
67%
25 Lincoln Campbell
67%
18 Raina
67%
18 Antoine Tripplett
58%
14 Calvin Johnson
58%
22 Holden Radcliff
58%
6 John Garrett
58%
11 Andrew Garner
50%
9 Daniel Whitehall
50%
20 Enoch
50%
11 Gordon
50%
9 Kasius
50%
12 Mike Peterson
50%
20 Piper
50%
6 Flint
42%
6 Ruby Hale
42%
9 Carl Creel
33%
10 General Hale
33%
14 Jeffrey Mace
33%
10 Robbie Reyes
33%
11 Daniel Sousa
25%
8 Ian Quinn
25%
27 James Davis
25%
6 Kora
25%
7 Rosalind Price
25%
6 Joey Gutierrez
8%
9 Nathaniel Malick
8%
7 Malachi
0%
No matching quizzes found
Score Distribution
Percent of People with Each Score
Percentile by Number Answered
Your Score History
You have not taken this quiz since the last reset